All tram systems in Poland (including defunct) - Statistics

General Stats
  • This quiz has been taken 266 times
  • The average score is 14 of 28
Answer Stats
Answer Length % Correct
Kraków 94 km
100%
Warszawa 132 km
100%
Gdańsk 60 km
96%
Łódź 145 km
93%
Katowice 172 km
91%
Wrocław 100 km
91%
Poznań 73 km
87%
Szczecin 54 km
81%
Bydgoszcz 42 km
69%
Toruń 28 km
59%
Częstochowa 14.5 km
52%
Olsztyn 16 km
52%
Elbląg 16.5 km
46%
Gorzów Wielkopolski 13 km
39%
Koszalin 1938
36%
Wałbrzych 1966
33%
Bielsko-Biała 1972
31%
Jelenia Góra 1967
30%
Tarnów 1942
30%
Grudziądz 9 km
29%
Legnica 1969
28%
Słupsk 1959
27%
Inowrocław 1962
21%
Zgorzelec 1945
17%
Słubice 1945
15%
Cieszyn 1921
13%
Gubin 1938
8%
Kostrzyn nad Odrą 1945
7%
No matching quizzes found
Score Distribution
Percent of People with Each Score
Percentile by Number Answered
Your Score History
You have not taken this quiz